Effect of casein phosphopeptide-amorphous calcium phosphate (CPP-AVP) on demineralised surface enamel in vitro /
Saved in:
| Main Author: | |
|---|---|
| Format: | Thesis |
| Language: | English |
| Published: |
Kuala Lumpur :
Faculty of Dentistry, University of Malaya,
2014
|
| Subjects: | |
| Tags: |
Add Tag
No Tags, Be the first to tag this record!
|
| LEADER | 010520000a22002410004500 | ||
|---|---|---|---|
| 008 | 141015t2014 my a f m 000 0 eng d | ||
| 040 | |a UIAM |b eng |e rda | ||
| 050 | 0 | |a RK331 | |
| 100 | 0 | |a Zeefitri Saniah Bidin, |e author | |
| 245 | 1 | 0 | |a Effect of casein phosphopeptide-amorphous calcium phosphate (CPP-AVP) on demineralised surface enamel in vitro / |c by Zeefitri Saniah Bidin |
| 264 | 1 | |a Kuala Lumpur : |b Faculty of Dentistry, University of Malaya, |c 2014 | |
| 300 | |a xvii, 171 leaves : |b illustrations ; |c 30 cm. | ||
| 336 | |2 rdacontent |a text | ||
| 337 | |2 rdamedia |a unmediated | ||
| 338 | |2 rdacarrier |a volume | ||
| 502 | |a Thesis Master in Clinical Dentistry--University of Malaya, 2014. | ||
| 504 | |a Includes bibliographical references (leaves 124-139). | ||
| 596 | |a 6 | ||
| 655 | |a Theses, non-IIUM | ||
| 710 | 1 | |a Universiti Malaya. |b Fakulti Pergigian | |
| 900 | |a oc-amr-hj-a jt | ||
| 999 | |c 436805 |d 470285 | ||
| 952 | |0 0 |6 T RK 000331 Z43E 2014 |7 0 |8 THESES |9 760028 |a KIMC |b KIMC |c CLOSEACCES |g 0.00 |o t RK 331 Z43E 2014 |p 11100337197 |r 2019-09-04 |t 1 |v 0.00 |y THESIS | ||
